Responsabilidad del Estado y sus regm̕enes

Detalles Bibliográficos
Autor principal: Ruz̕ Orejuela, Wilson
Formato: eBook
Lenguaje:español
Publicado: Bogot ̀: ECOE, 2010
Materias:
Acceso en línea:http://www.vlex.com/source/6853

MARC

LEADER 00000nam a22000007a 4500
005 20130125104414.0
007 cr|||| ||||
008 130125e2010 ck |||||s|||| 00||0 spa d
020 |a 9586486621 
035 |a 6853 
040 |a vLex 
090 |c 3599  |d 3599 
100 1 0 |a Ruz̕ Orejuela, Wilson 
245 1 0 |a Responsabilidad del Estado y sus regm̕enes  |h [Recurso electrn̤ico] 
256 |a Servicio en ln̕ea 
260 |a Bogot ̀:  |b ECOE,   |c 2010  
300 |a 1 Recurso electrn̤ico 
650 0 4 |a Responsabilidad civil  |z Espaą 
650 0 4 |a Administracin̤ pb︢lica  |z Espaą 
650 0 4 |a Contratos pb︢licos  |z Espaą 
740 |a vLex Libros (Servicio en ln̕ea) 
856 |a Acceso restringido  |u http://www.vlex.com/source/6853 
942 |c BOOK 
999 0 |a Public contracts